000 00578nam a2200217Ia 4500
003 OSt
005 20220926041007.0
006 a|||||r|||| 00| 0
007 ta
008 220923b |||||||| |||| 00| 0 eng d
037 _cGeneral Book
040 _aRTL
_cRTL
_beng
041 _2eng
_aeng
082 _aX:89Q1, K7
100 _aBalakrishna S
_9271460
245 0 _aTechniques of demand forecasting for industrial
260 _c1967
650 _aProduction Control managent
942 _hX:89Q1, K7
_cGB
_2CC
999 _c666157
_d666157